Greek Logo Quiz Level 11 - Statistics

General Stats
  • This quiz has been taken 25 times
  • The average score is 15 of 25
Answer Stats
Picture Hint Answer % Correct
Γνωστό Ταχυδρομείο ACS
86%
Γνωστές Κάμερες η Φωτογραφείς Canon
86%
A_m___l Admiral
71%
All__ F__ P_rk Allou Fun Park
71%
Τηλεοπτική Εκπομπή του Mega Master Chef
71%
Ε_γ_στ_ρ_ Π__λ_δ_ς Παυλίδης/Εργαστήρι Παυλίδης
57%
Γνωστά Μικρογεύματα Γρηγόρης
57%
Το ελληνικό σουπερμάρκετ Γαλαξίας
57%
Ε_ε_α Ετεκα
57%
Τράπεζα της Ελλάδος Εθνική Τράπεζα
57%
Προϊόντα βρεφικών τροφών, Φρούι Ζελέ, κ.α. Γιώτης
57%
Ελληνικά Παγωτά Εβγα
57%
Τ_χ_δρ_μ_κ_ Τ__υ_η_ιο Ταχυδρομικό Ταμιευτήριο
57%
Γνωστή Κλήρωση ΟΠΑΠ
57%
Σκ__β_ν_τ_ς Σκλαβενίτης
57%
Eu___a Europa
57%
H_sb_o Hasbro
57%
Παιδικό Κατάστημα Jumbo
57%
Αλυσίδα Εστιατορίου KFC
57%
Γνωστά Παιχνίδια Nintendo 64
57%
Γνωστά Βιντεοπαιχνίδια Play Station
57%
V_ll_g_ C_n_m_s Village Cinemas
57%
Το δώρο της φύσης για τον άνθρωπο Κορπή
43%
Η Κλήρωση του ΟΠΑΠ - Κ_ν_ Κίνο
43%
Κατάστημα Κοσμημάτων και Μόδας Hondos Center
43%
No matching quizzes found
Score Distribution
Percent of People with Each Score
Percentile by Number Answered
Your Score History
You have not taken this quiz